[Event "Balaguer op 17th"]
[Site "Balaguer"]
[Date "2012.06.20"]
[Round "5"]
[White "Monfa Escola, Ramon"]
[Black "Gensana Berzunces, Joan"]
[Result "1-0"]
[WhiteElo "1837"]
[BlackElo "2001"]
[PlyCount "69"]
[EventDate "2012.06.16"]
[EventType "swiss"]
[EventRounds "9"]
[EventCountry "ESP"]
[SourceTitle "EXT 2013"]
[Source "ChessBase"]
[SourceDate "2012.11.22"]
[SourceVersion "1"]
[SourceVersionDate "2012.11.22"]
[SourceQuality "1"]

1. d3 d6 2. a3 a6 3. Nf3 e5 4. Nbd2 Nc6 5. c4 Be7 6. b4 Nd4 7. Bb2 Nxf3+ 8. Nxf3 Nf6 9. g3 0-0 10. Bg2 e4 11. dxe4 Nxe4 12. 0-0 Ng5 13. Nxg5 Bxg5 14. f4 Bf6 15. Qc2 Re8 16. e4 Bxb2 17. Qxb2 Be6 18. Qc3 c6 19. f5 Bc8 20. Rad1 a5 21. c5 axb4 22. axb4 d5 23. exd5 cxd5 24. Bxd5 Qf6 25. Qxf6 gxf6 26. Rfe1 Kf8 27. Rxe8+ Kxe8 28. c6 Rb8 29. c7 Ra8 30. Be4 Kf8 31. Rd8+ Ke7 32. b5 Ra1+ 33. Kf2 b6 34. Rxc8 Kd7 35. Ra8 1-0

[Event "Balaguer op 17th"]
[Site "Balaguer"]
[Date "2012.06.19"]
[Round "4"]
[White "Paul Cava, Javier"]
[Black "Monfa Escola, Ramon"]
[Result "0-1"]
[WhiteElo "1722"]
[BlackElo "1837"]
[PlyCount "62"]
[EventDate "2012.06.16"]
[EventType "swiss"]
[EventRounds "9"]
[EventCountry "ESP"]
[SourceTitle "EXT 2013"]
[Source "ChessBase"]
[SourceDate "2012.11.22"]
[SourceVersion "1"]
[SourceVersionDate "2012.11.22"]
[SourceQuality "1"]

1. d4 d6 2. e4 Nf6 3. Bd3 g6 4. f4 c5 5. d5 c4 6. Bxc4 Nxe4 7. Nd2 Nf6 8. Ngf3 Qb6 9. Qe2 Bg7 10. c3 0-0 11. Nd4 Nbd7 12. N2f3 Qc7 13. Nb5 Qd8 14. Be3 a6 15. Na3 b5 16. Bb3 Bb7 17. Qd3 Nc5 18. Bxc5 dxc5 19. Bc2 c4 20. Qd2 Nxd5 21. f5 b4 22. Nb1 bxc3 23. Nxc3 Nxc3 24. bxc3 Qa5 25. 0-0 Bxc3 26. Qd7 Bxf3 27. Rxf3 Bxa1 28. fxg6 hxg6 29. Bxg6 Qb6+ 30. Kh1 fxg6 31. Qd5+ e6 0-1

[Event "Lleida-ch U18"]
[Site "Vilanova de Segria"]
[Date "2012.01.14"]
[Round "1"]
[White "Monfa Escola, Ramon"]
[Black "Voltes Miret, Andreu"]
[Result "1/2-1/2"]
[WhiteElo "1821"]
[BlackElo "1653"]
[PlyCount "118"]
[EventDate "2012.01.14"]
[EventType "swiss"]
[EventRounds "6"]
[EventCountry "ESP"]
[SourceTitle "EXT 2015"]
[Source "ChessBase"]
[SourceDate "2014.11.20"]
[SourceVersion "1"]
[SourceVersionDate "2014.11.20"]
[SourceQuality "1"]

1. d3 d5 2. a3 c5 3. b3 Nf6 4. Bb2 e6 5. e3 Nbd7 6. Nd2 a6 7. g3 b6 8. Bg2 Bb7 9. Ngf3 Be7 10. c4 Qc7 11. Rc1 Rc8 12. 0-0 0-0 13. Re1 Rfd8 14. h3 h6 15. d4 Qb8 16. Qe2 cxd4 17. Nxd4 dxc4 18. Rxc4 Bxg2 19. Kxg2 Qb7+ 20. Qf3 Qxf3+ 21. N4xf3 Rxc4 22. Nxc4 b5 23. Na5 Rc8 24. Nd4 Nb8 25. Rc1 Rxc1 26. Bxc1 Nd5 27. Ndc6 Nxc6 28. Nxc6 Bd6 29. b4 Nc3 30. Bb2 Nd5 31. e4 Nb6 32. e5 Bc7 33. f4 Nc4 34. Bc1 Kf8 35. Nd4 Bb6 36. Nb3 Ke7 37. Kf3 h5 38. Nd2 Nxd2+ 39. Bxd2 Bd4 40. Bc1 Kd7 41. Ke4 Bf2 42. g4 hxg4 43. hxg4 Kc6 44. Bb2 g6 45. Bc1 Be1 46. Bb2 Bd2 47. f5 gxf5+ 48. gxf5 a5 49. bxa5 Bxa5 50. fxe6 fxe6 51. Bc1 Kc5 52. Bh6 Kc4 53. Bf8 Bc3 54. Kf4 Bb2 55. Bb4 Kb3 56. Bd6 Bxa3 57. Kg5 Bb2 58. Kf6 Kc4 59. Kxe6 Bxe5 1/2-1/2

[Event "Balaguer op 16th "]
[Site "Balaguer"]
[Date "2011.07.22"]
[Round "6"]
[White "Subarroca Blanch, Francesco"]
[Black "Monfa Escola, Ramon"]
[Result "1-0"]
[WhiteElo "1880"]
[BlackElo "1776"]
[PlyCount "117"]
[EventDate "2011.07.17"]
[EventType "swiss"]
[EventRounds "9"]
[EventCountry "ESP"]
[SourceTitle "CBM 143 Extra"]
[Source "ChessBase"]
[SourceDate "2011.08.29"]
[SourceVersion "1"]
[SourceVersionDate "2011.08.29"]
[SourceQuality "1"]

1. e4 d6 2. Nf3 Nf6 3. Nc3 a6 4. d4 b5 5. a3 Bb7 6. Bd3 Nbd7 7. 0-0 g6 8. h3 Bg7 9. Be3 c5 10. d5 Qc7 11. Qd2 c4 12. Be2 Nc5 13. Bxc5 Qxc5 14. Kh1 0-0 15. Rad1 Rfe8 16. Nd4 Rad8 17. f4 Nd7 18. Bf3 Qc7 19. g4 Qb6 20. Nce2 Nc5 21. Ng3 e5 22. dxe6 Nxe6 23. Nxe6 Rxe6 24. c3 Re7 25. Rfe1 Red7 26. Qg2 a5 27. Rd2 b4 28. Ne2 Qc5 29. Qg1 bxa3 30. Qxc5 dxc5 31. Rxd7 Rxd7 32. bxa3 Rd3 33. Kg2 Bxc3 34. Rb1 Bc6 35. Rb6 Ba4 36. Nxc3 Rxc3 37. Ra6 Rxa3 38. Rxa5 c3 39. Bd1 Ra2+ 40. Kf1 Bb3 41. Rxa2 Bxa2 42. Bc2 c4 43. Ke2 Bb3 44. Kd1 f6 45. Kc1 Kf7 46. h4 Ke7 47. g5 fxg5 48. hxg5 Kf7 49. f5 Kg7 50. f6+ Kf7 51. e5 Ke6 52. Be4 Kf7 53. Bd5+ Kf8 54. e6 Ba4 55. e7+ Ke8 56. Bg8 Bd7 57. Kc2 Bf5+ 58. Kxc3 Bd3 59. Bxc4 1-0

[Event "Tancats de l'Urgell C"]
[Site "Tarrega"]
[Date "2011.04.29"]
[Round "3.2"]
[White "Monfa Escola, Ramon"]
[Black "Flotats Ardiaca, Sergi"]
[Result "1-0"]
[WhiteElo "1954"]
[BlackElo "1901"]
[PlyCount "77"]
[EventDate "2011.04.08"]
[EventType "tourn"]
[EventRounds "9"]
[EventCountry "ESP"]
[SourceTitle "EXT 2023"]
[Source "ChessBase"]
[SourceDate "2022.10.05"]
[SourceVersion "1"]
[SourceVersionDate "2022.10.05"]
[SourceQuality "1"]

1. d3 d5 2. a3 c5 3. Nf3 Nc6 4. b3 Nf6 5. Bb2 e6 6. Nbd2 Be7 7. g3 0-0 8. Bg2 Qc7 9. c4 d4 10. 0-0 h6 11. Re1 e5 12. Qc2 Bg4 13. e3 Rad8 14. exd4 exd4 15. Ne4 Bxf3 16. Bxf3 Ne5 17. Nxf6+ Bxf6 18. Bg2 Rfe8 19. Re2 Ng6 20. Rae1 Re7 21. Bc1 Rde8 22. Qd1 b6 23. Rxe7 Rxe7 24. Rxe7 Qxe7 25. Be4 Qd7 26. Qf3 Ne5 27. Qe2 Ng6 28. Bd2 Bd8 29. Bd5 Bc7 30. Qh5 Kf8 31. Be4 Qe6 32. f4 Nh8 33. f5 Qf6 34. Qf3 Qd6 35. Bf4 Qe7 36. f6 gxf6 37. Bxh6+ Ke8 38. Bg7 Ng6 39. Bc6+ 1-0

[Event "Lleida-ch U16"]
[Site "Lleida"]
[Date "2011.??.??"]
[Round "4.3"]
[White "Monfa Escola, Ramon"]
[Black "Voltes Miret, Andreu"]
[Result "1/2-1/2"]
[WhiteElo "1784"]
[BlackElo "1568"]
[PlyCount "76"]
[EventDate "2011.01.15"]
[EventType "tourn"]
[EventRounds "6"]
[EventCountry "ESP"]
[SourceTitle "EXT 2024"]
[Source "ChessBase"]
[SourceDate "2023.10.10"]
[SourceVersion "1"]
[SourceVersionDate "2023.10.10"]
[SourceQuality "1"]

1. d3 d5 2. a3 c5 3. Nf3 Nc6 4. Nbd2 Nf6 5. c4 e6 6. b3 Be7 7. Bb2 b6 8. g3 Bb7 9. Bg2 Qc7 10. e3 dxc4 11. dxc4 0-0 12. Qc2 Rfd8 13. Rd1 h6 14. 0-0 a6 15. Nb1 Rxd1 16. Rxd1 Rd8 17. Rxd8+ Qxd8 18. Qd2 Qxd2 19. Nbxd2 Nd7 20. Ne5 Ndxe5 21. Bxe5 Nxe5 22. Bxb7 a5 23. Be4 Bd6 24. h3 g6 25. f4 Nd7 26. Bc6 Nf6 27. e4 Nh5 28. e5 Bc7 29. Ne4 Kf8 30. Kf2 f6 31. exf6 Kf7 32. Kf3 Nxf6 33. Nxf6 Kxf6 34. Bd7 e5 35. Ke4 exf4 36. gxf4 Ke7 37. Bg4 Kd6 38. Bc8 Bd8 1/2-1/2